MARC

LEADER 00000nam0a2200000 4500
001 361481
005 20231102011407.0
035 |a (RuTPU)RU\TPU\retro\18809 
090 |a 361481 
100 |a 20210607d1980 km y0rusy50 ca 
101 0 |a rus 
102 |a RU 
105 |a y z 001zy 
200 1 |a Управление эксплуатацией основных фондов на машиностроительных предприятиях и в объединениях  |f С. М. Захаров 
210 |a Ленинград  |c Машиностроение  |d 1980 
215 |a 142 с. 
320 |a Библиогр.: с. 138-139 
606 1 |a Машиностроительные заводы  |x Основные фонды  |x Использование  |x Экономическая эффективность  |2 stltpush  |3 (RuTPU)RU\TPU\subj\41591  |9 61379 
610 1 |a основные производственные фонды 
610 1 |a планирование 
610 1 |a учет 
610 1 |a анализ 
610 1 |a оборудование 
610 1 |a контроль 
610 1 |a эксплуатация 
610 1 |a управление 
675 |a 621.002:658.152  |v 4 
700 1 |a Захаров  |b С. М.  |g Сергей Михайлович 
801 1 |a RU  |b 63413507  |c 20210607 
942 |c BK